000 00305nam a22001337a 4500
008 170531b xxu||||| |||| 00| 0 eng d
020 _a9781560981787
041 _aeng
080 _a94
100 _a17
101 _aSHH
245 _aHALL CANIDATE PRESIDENTIAL CAMPAIGS
_cMELDEN.K
942 _2udc
_cBK
999 _c15113
_d15113